000 00785nam a2200253 i 4500
003 DO-SdBNP
005 20240704094828.0
007 ta
008 240704s2023 dr 000 f spa d
020 _a9789945185782
040 _aDO-SdBNP
_bspa
_cBNPHU
_erda
082 _bN964
_222
100 _aNúñez Hernández, Ramón
_911765
_eautor
_d1955-
245 1 3 _aEn el álbum familiar /
_cRamón Núñez Hernández
264 1 _aSanto Domingo :
_bTiempo de nosotros,
_c2023.
300 _a203 páginas,
_c23 cm.
336 _2rdacontent
_atexto
_btxt
337 _2rdamedia
_asin mediación
_bn
338 _2rdacarrier
_avolumen
_bnc
500 _aIncluye datos biográficos del autor en las solapas
590 _aInventariado, 2024/ YL
910 _aYLockward
942 _2ddc
_cLBS1
999 _c57152
_d57152